| 000 | 00325nam a2200109Ia 4500 | ||
|---|---|---|---|
| 008 | 210430s9999 xx 000 0 und d | ||
| 082 | _a355.0217E271 E | ||
| 100 | _aSamuel Glasstone | ||
| 245 | 4 |
_aThe Effects of Nuclear Weapons part1 _cSamuel Glasstone |
|
| 260 |
_aEnergy research _bSamuel Glasstone _c1964 |
||
| 942 |
_cBK _2ddc |
||
| 999 |
_c563344 _d563344 |
||